[Event "Oberfranken-ch U16 0809"]
[Site "Schney"]
[Date "2009.01.05"]
[Round "7"]
[White "Reuss, Simon"]
[Black "Theiss, Karsten"]
[Result "0-1"]
[WhiteElo "902"]
[BlackElo "1448"]
[PlyCount "52"]
[EventDate "2009.01.02"]
[EventType "swiss"]
[EventRounds "7"]
[EventCountry "GER"]
[SourceTitle "EXT 2012"]
[Source "ChessBase"]
[SourceDate "2011.11.24"]
[SourceVersion "1"]
[SourceVersionDate "2011.11.24"]
[SourceQuality "1"]

1. b4 e5 2. Bb2 f6 3. e4 g6 4. Bc4 Bxb4 5. Bxg8 Rxg8 6. a3 Ba5 7. Nf3 d6 8. 0-0 Be6 9. d4 Bb6 10. c3 Nd7 11. Qd2 Qe7 12. Qh6 0-0-0 13. Nbd2 Bg4 14. Qh4 Bxf3 15. Nxf3 g5 16. Qh5 exd4 17. Nxd4 Bxd4 18. cxd4 Qxe4 19. Rfe1 Qg6 20. Qd1 h5 21. Qa4 a6 22. Rac1 Nb6 23. Qc2 Qxc2 24. Rxc2 Rde8 25. Rxe8+ Rxe8 26. d5 Re1# 0-1